La cordillera central colombiana : (Registro nro. 7393)

Detalles MARC
000 -CABECERA
Campo de control 01328nam a22003137a 4500
005 - FECHA Y HORA DE LA ULTIMA TRANSACCION
Campo de control 20150803151644.0
008 - ELEMENTOS DE LONGITUD FIJA—INFORMACION GENERAL
Campo de control 041129s1995 gx ab r 00000 spa d
020 ## - ISBN
ISBN 3443650031
040 ## - FUENTE DE CATALOGACIÓN
Agencia catalogadora original CO-BoIAVH
Agencia transcriptora CO-BoIAVH
041 0# - IDIOMA
Código de idioma para texto/pista de sonido o título separado Español
-- Inglés
043 ## - GEOGRAPHIC AREA CODE
Geographic area code s-ck---
082 04 - NUMERO DE CLASIFICACION DECIMAL DEWEY
Número de clasificación 574.509861
Número del ítem H224c
100 ## - ASIENTO PRINCIPAL--NOMBRE PERSONAL
Nombre personal Thomas Van der Hammen
245 03 - MENCION DE TITULO
Título La cordillera central colombiana :
Parte restante del título transecto Parque Los Nevados,Ultima Parte.
250 ## - MENCION DE EDICION
Mención de edición Thomas Van der Hammen, Alice G. Dos Santos.
260 ## - PUBLICACION, DISTRIBUCION, ETC. (PIE DE IMPRENTA)
Lugar de publicación, distribución, etc. Berlin :
Nombre del editor, distribuidor, etc. J. Cramer,
Fecha de publicación, distribución, etc. 1995.
300 ## - DESCRIPCION FISICA
Extensión 544 p.
Otros detalles físicos il. ; mapas
Dimensiones 25 cm.
490 ## - MENCION DE SERIE
Mención de serie Studies on tropical andean ecosystems
Designación numérica/secuencial del volumen 4
504 ## - NOTA DE BIBLIOGRAFIA, ETC.
Nota de bibliografía Incluye bibliografías.
546 ## - NOTA DE IDIOMA
Nota de idioma Texto bilingüe español-inglés.
650 ## - ASIENTO SECUNDARIO DE MATERIA - TERMINO TEMATICO
Término temático o nombre geográfico como elemento de entrada Ecosistemas
Subdivisión geográfica Parque Nacional Natural de los Nevados (Colombia)
650 #6 - ASIENTO SECUNDARIO DE MATERIA - TERMINO TEMATICO
Término temático o nombre geográfico como elemento de entrada Paleoecología
Subdivisión geográfica Parque Nacional Natural de los Nevados (Colombia)
650 #6 - ASIENTO SECUNDARIO DE MATERIA - TERMINO TEMATICO
Término temático o nombre geográfico como elemento de entrada Suelos
Subdivisión general Investigaciones
Subdivisión geográfica Parque Nacional Natural de los Nevados (Colombia)
650 #6 - ASIENTO SECUNDARIO DE MATERIA - TERMINO TEMATICO
Término temático o nombre geográfico como elemento de entrada Comunidades de plantas
Subdivisión geográfica Parque Nacional Natural de los Nevados (Colombia)
650 ## - ASIENTO SECUNDARIO DE MATERIA - TERMINO TEMATICO
Término temático o nombre geográfico como elemento de entrada Geomorfología
Subdivisión geográfica Parque Nacional Natural de los Nevados (Colombia)
700 1# - ASIENTO SECUNDARIO - NOMBRE PERSONAL
Nombre personal Van der Hammen, Thomas,
Fechas asociadas con el nombre 1924-,
Término de relación ed.
700 1# - ASIENTO SECUNDARIO - NOMBRE PERSONAL
Nombre personal Santos, Alice G. Dos,
Término de relación ed.
942 ## - ELEMENTOS ADICIONALES (KOHA)
Sistema de clasificación Dewey Decimal Classification
Tipo de ítem Libro
Existencias
Withdrawn status Lost status Sistema de Clasificación Damaged status No para préstamo Colección Inventariado Ubicación Permanente Ubicación actual Fecha de adquisición Fuente de Valor Valor Total Checkouts Número topográfico Inventario / Código de Barras Date last seen Ejemplar Price effective from Forma de adquisición Tipo de material
    Dewey Decimal Classification     General Inventariado 2017 Bogotá Bogotá 19/07/2013 Instituto 39000.00   LB-574.509861 H224c 028770 19/07/2013 V. 4 Ej. 1 19/07/2013   Libro
    Dewey Decimal Classification     General Inventariado 2017 Sala Fabio Quevedo Sala Fabio Quevedo 08/03/2016 Instituto 39000.00   LB-574.509861 H224c 004789 08/03/2016 V. 4 Ej. 2 08/03/2016   Libro